|
|
|
|
| LEADER |
00000nab a2200000uu 4500 |
| 001 |
vtls011450688 |
| 003 |
SK-MaSNL |
| 005 |
20260304013254.0 |
| 008 |
230222|2002 xo |||||||||||||||||eng| |
| 015 |
|
|
|a SNBRB
|
| 035 |
|
|
|a (urnnbn)urn:nbn:sk:snk:ar-006jx7
|
| 035 |
|
|
|a (uuid)9e82b50a-6b75-4823-a31a-104485b4d49a
|
| 035 |
|
|
|a urn:nbn:sk:snk-abcmtj
|
| 040 |
|
|
|a SNKBUCL
|b slo
|c SNKBUCL
|e AACR2
|
| 041 |
0 |
|
|a eng
|
| 044 |
|
|
|a xo
|c SK
|
| 100 |
1 |
|
|a Lahiri, B. K.
|4 aut
|9 1262435
|
| 245 |
1 |
0 |
|a SUBSERIES IN BANACH SPACES
|c B. K. Lahiri, Pratulananda Das
|
| 700 |
1 |
|
|a Das, Pratulananda
|4 aut
|9 1171587
|
| 773 |
0 |
|
|t Mathematica Slovaca
|g Roč. 52, č. 3 (2002), s. 361-368
|
| 958 |
|
|
|a OND
|
| 958 |
|
|
|a EUIPO
|
| 958 |
|
|
|a article16
|
| 999 |
|
|
|c 2575144
|d 2577074
|